| 000 | 01200nac a22002771u 4500 | ||
|---|---|---|---|
| 010 | _a2002069595 | ||
| 020 | _a0071364757 (alk. paper) | ||
| 035 | _a(DNLM)101143393 | ||
| 082 | 0 | 0 |
_a615.58 _bW4531 |
| 090 |
_c1612 _d1612 |
||
| 100 | _a20080729 | ||
| 245 | 0 | 0 |
_aPharmacotherapy handbook / _c[edited by] Barbara G. Wells ... [et al.]. |
| 250 | _a5th ed. | ||
| 260 |
_aNew Delhi : _bTata McGraw-Hill Pub. Co.,2003 _c2003. |
||
| 300 |
_axiii, 958 p. : _bill. ; _c21 cm. |
||
| 504 | _aIncludes index. | ||
| 650 | 0 |
_aDrugs _vHandbooks, manuals, etc. |
|
| 650 | 0 |
_aChemotherapy _vHandbooks, manuals, etc. |
|
| 650 | 0 |
_aDrug Therapy _vHandbooks. |
|
| 700 | 1 | _aWells, Barbara G. | |
| 856 | 4 | 2 |
_3Publisher description _uhttp://www.loc.gov/catdir/description/mh031/2002069595.html |
| 856 | 4 | 2 |
_3Contributor biographical information _uhttp://www.loc.gov/catdir/enhancements/fy0613/2002069595-b.html |
| 856 | 4 | 2 |
_3Table of contents only _uhttp://www.loc.gov/catdir/enhancements/fy0613/2002069595-t.html |
| 942 |
_cBB _k615.58W4531 |
||
| 999 |
_c1612 _d1612 |
||